[Event "Tata Steel Chess 2016 GM-B"]
[Site "Wijk aan Zee NED"]
[Date "2016.01.29"]
[Round "11.3"]
[White "Batsiashvili, Nino"]
[Black "L'Ami, Erwin"]
[Result "1/2-1/2"]
[WhiteElo "2485"]
[BlackElo "2627"]
[PlyCount "93"]
[EventDate "2016.01.16"]
[EventType "tourn"]
[EventRounds "13"]
[EventCountry "NED"]
[EventCategory "13"]
[Source "lmi"]
[SourceDate "2016.01.16"]

1. d4 Nf6 2. c4 e6 3. Nc3 Bb4 4. Nf3 b6 5. e3 O-O 6. Bd3 d5 7. cxd5 exd5 8. O-O
Bb7 9. Ne5 Bd6 10. f4 c5 11. Bd2 Nc6 12. Ne2 Ne4 13. Bc3 Ne7 14. Ng3 Rc8 15.
Qe2 c4 16. Bxe4 dxe4 17. Nxc4 Ba6 18. b3 f5 19. Rfc1 Nd5 20. Be1 g5 21. fxg5
Qxg5 22. Bf2 Bxg3 23. Bxg3 Bxc4 24. bxc4 Nxe3 25. Rc3 Ng4 26. h3 Nf6 27. Rf1
Nh5 28. Be5 Rce8 29. Kh2 h6 30. c5 bxc5 31. Rxc5 Qg6 32. Qc4+ Qe6 33. Qxe6+
Rxe6 34. g4 fxg4 35. Rxf8+ Kxf8 36. hxg4 Nf6 37. Kg3 Kf7 38. Kf4 e3 39. Kxe3
Nxg4+ 40. Kf4 h5 41. Kf5 Ne3+ 42. Kg5 Rg6+ 43. Kxh5 Rg1 44. Bf4 Rh1+ 45. Kg5
Rg1+ 46. Kh5 Rh1+ 47. Kg5 1/2-1/2

[Event "Tata Steel Chess 2016 GM-B"]
[Site "Wijk aan Zee NED"]
[Date "2016.01.29"]
[Round "11.6"]
[White "Admiraal, Miguoel"]
[Black "Haast, Anne"]
[Result "1-0"]
[WhiteElo "2441"]
[BlackElo "2391"]
[PlyCount "81"]
[EventDate "2016.01.16"]
[EventType "tourn"]
[EventRounds "13"]
[EventCountry "NED"]
[EventCategory "13"]
[Source "lmi"]
[SourceDate "2016.01.16"]

1. e4 e5 2. Nf3 Nc6 3. Bc4 Bc5 4. c3 Nf6 5. d4 exd4 6. cxd4 Bb4+ 7. Nbd2 d5 8.
exd5 Nxd5 9. O-O O-O 10. a3 Be7 11. Re1 Bg4 12. h3 Bh5 13. Ba2 Nf6 14. Qb3 Na5
15. Qc3 Nc6 16. b4 a5 17. b5 Na7 18. Qxa5 Qd7 19. Rb1 c6 20. bxc6 Nxc6 21. Qc3
Bg6 22. Rb6 Bd8 23. Rb5 Ba5 24. Qb2 Rfe8 25. Rxe8+ Rxe8 26. Rxb7 Qc8 27. Nc4
Bc7 28. Be3 Be4 29. Ncd2 Nxd4 30. Nxe4 Nxf3+ 31. gxf3 Nxe4 32. Rxc7 Qxc7 33.
fxe4 Rxe4 34. Bd5 Re8 35. Qb7 Qxb7 36. Bxb7 Rb8 37. Bc6 Rb1+ 38. Kg2 Ra1 39. a4
h5 40. Bb6 g5 41. a5 1-0

[Event "Tata Steel Chess 2016 GM-B"]
[Site "Wijk aan Zee NED"]
[Date "2016.01.29"]
[Round "11.7"]
[White "Bok, Benjamin"]
[Black "Ju, Wenjun"]
[Result "1-0"]
[WhiteElo "2607"]
[BlackElo "2548"]
[PlyCount "73"]
[EventDate "2016.01.16"]
[EventType "tourn"]
[EventRounds "13"]
[EventCountry "NED"]
[EventCategory "13"]
[Source "lmi"]
[SourceDate "2016.01.16"]

1. d4 Nf6 2. c4 g6 3. Nc3 Bg7 4. e4 d6 5. f3 O-O 6. Be3 e5 7. d5 Nh5 8. Qd2 f5
9. O-O-O Nd7 10. Bd3 Ndf6 11. Nge2 fxe4 12. Nxe4 Nxe4 13. Bxe4 a6 14. Ng3 Nf4
15. h4 Bf5 16. Bxf5 gxf5 17. Bxf4 exf4 18. Nh5 Be5 19. Nxf4 Qd7 20. Ne6 Rf7 21.
Kb1 b5 22. c5 dxc5 23. Nxc5 Qd6 24. Qc2 a5 25. Ne6 a4 26. f4 Bxf4 27. Rhf1 Be5
28. Rxf5 Rxf5 29. Qxf5 a3 30. b3 Bb2 31. Rf1 Qe7 32. g4 Re8 33. g5 Kh8 34. h5
Rg8 35. g6 hxg6 36. hxg6 Qh4 37. Qf3 1-0

[Event "Tata Steel Chess 2016 GM-B"]
[Site "Wijk aan Zee NED"]
[Date "2016.01.30"]
[Round "12.1"]
[White "Van Foreest, Jorden"]
[Black "Ju, Wenjun"]
[Result "0-1"]
[WhiteElo "2541"]
[BlackElo "2548"]
[PlyCount "88"]
[EventDate "2016.01.16"]
[EventType "tourn"]
[EventRounds "13"]
[EventCountry "NED"]
[EventCategory "13"]
[Source "lmi"]
[SourceDate "2016.01.16"]

1. e4 e5 2. f4 exf4 3. Nf3 d5 4. exd5 Nf6 5. Bb5+ c6 6. dxc6 bxc6 7. Bc4 Nd5 8.
O-O Bd6 9. Nc3 Be6 10. Ne4 Be7 11. Bb3 O-O 12. d4 Nd7 13. Qe2 a5 14. c4 N5b6
15. a3 g5 16. h4 h6 17. hxg5 hxg5 18. Nfxg5 Bxg5 19. Qh5 Bf6 20. d5 cxd5 21.
cxd5 Bd4+ 22. Nf2 Nxd5 23. Bxd5 Bxd5 24. Qxd5 Ne5 25. Qxd8 Raxd8 26. Bxf4 Ng4
27. Bg3 Ne3 28. Rfb1 f5 29. Ra2 f4 30. Bh4 Rd7 31. Nh3 Rg7 32. Bf2 Rf6 33. g3
Nf5 34. Bxd4 Nxd4 35. b4 Nf3+ 36. Kf2 fxg3+ 37. Ke3 Re7+ 38. Kd3 Rd6+ 39. Kc4
Nd2+ 40. Kc5 Ne4+ 41. Kc4 Rc7+ 42. Kb3 a4+ 43. Kxa4 Nc3+ 44. Ka5 Ra7# 0-1

[Event "Tata Steel Chess 2016 GM-B"]
[Site "Wijk aan Zee NED"]
[Date "2016.01.30"]
[Round "12.2"]
[White "Haast, Anne"]
[Black "Bok, Benjamin"]
[Result "0-1"]
[WhiteElo "2391"]
[BlackElo "2607"]
[PlyCount "80"]
[EventDate "2016.01.16"]
[EventType "tourn"]
[EventRounds "13"]
[EventCountry "NED"]
[EventCategory "13"]
[Source "lmi"]
[SourceDate "2016.01.16"]

1. e4 c5 2. Nf3 d6 3. d4 cxd4 4. Nxd4 Nf6 5. Nc3 a6 6. Qf3 g6 7. h3 Bg7 8. Be3
Nc6 9. g4 Bd7 10. O-O-O Rc8 11. Nxc6 Rxc6 12. Nd5 Qa5 13. Kb1 Nxd5 14. exd5 Qb4
15. Bc1 Rc3 16. Rd3 Rxd3 17. Bxd3 O-O 18. Qe2 e6 19. f4 Re8 20. Qf3 Qa5 21. c4
exd5 22. cxd5 Bb5 23. f5 Bxd3+ 24. Qxd3 Re1 25. Rxe1 Qxe1 26. g5 gxf5 27. Qxf5
Be5 28. a3 Qd1 29. Qe4 Kg7 30. h4 b5 31. Qf5 Qh1 32. Qg4 Qxd5 33. h5 Qd3+ 34.
Ka1 Qxa3+ 35. Kb1 Qd3+ 36. Ka1 Qc2 37. Qg1 b4 38. Qh1 Qa4+ 39. Kb1 b3 40. h6+
Kg6 0-1

[Event "Tata Steel Chess 2016 GM-B"]
[Site "Wijk aan Zee NED"]
[Date "2016.01.30"]
[Round "12.4"]
[White "Dreev, Aleksey"]
[Black "Abasov, Nijat"]
[Result "1/2-1/2"]
[WhiteElo "2644"]
[BlackElo "2556"]
[PlyCount "109"]
[EventDate "2016.01.16"]
[EventType "tourn"]
[EventRounds "13"]
[EventCountry "NED"]
[EventCategory "13"]
[Source "lmi"]
[SourceDate "2016.01.16"]

1. d4 Nf6 2. c4 e6 3. Nc3 Bb4 4. Qc2 b6 5. a3 Bxc3+ 6. Qxc3 Bb7 7. Nf3 d5 8.
Bg5 O-O 9. e3 Nbd7 10. cxd5 Bxd5 11. Ne5 Qc8 12. f3 Bb7 13. e4 Nxe5 14. dxe5
Nd7 15. Rd1 h6 16. Bh4 a5 17. Bb5 c6 18. Be2 Nc5 19. Be7 Re8 20. Bxc5 bxc5 21.
Qxc5 Ba6 22. Rd2 Bxe2 23. Kxe2 Qa6+ 24. Kf2 Rab8 25. Rc1 Red8 26. Rcc2 Rxd2+
27. Rxd2 Rb5 28. Qd4 Kh7 29. h4 Qb7 30. g3 c5 31. Qc3 Qb6 32. Kg2 Rb3 33. Qc1
Qb5 34. Rc2 Qd3 35. Rf2 Qd4 36. Rc2 Qxe5 37. Rc3 c4 38. Rxb3 cxb3 39. Kf2 a4
40. Qd2 Qc7 41. Qd4 e5 42. Qd2 h5 43. Ke2 g6 44. Qd5 Kg7 45. Ke3 Qc1+ 46. Qd2
Qc5+ 47. Ke2 Qg1 48. Qe1 Qd4 49. Qc1 Kg8 50. Qc8+ Kh7 51. Qc1 Kg7 52. Qd2 Qg1
53. Qe1 Qg2+ 54. Qf2 Qh3 55. Qg1 1/2-1/2

[Event "Tata Steel Chess 2016 GM-B"]
[Site "Wijk aan Zee NED"]
[Date "2016.01.30"]
[Round "12.7"]
[White "Safarli, Eltaj"]
[Black "Nisipeanu, Liviu-Dieter"]
[Result "1/2-1/2"]
[WhiteElo "2653"]
[BlackElo "2679"]
[PlyCount "76"]
[EventDate "2016.01.16"]
[EventType "tourn"]
[EventRounds "13"]
[EventCountry "NED"]
[EventCategory "13"]
[Source "lmi"]
[SourceDate "2016.01.16"]

1. e4 e6 2. d4 d5 3. Nd2 c5 4. Ngf3 cxd4 5. Nxd4 Nf6 6. exd5 a6 7. Bc4 exd5 8.
Bb3 Qe7+ 9. Qe2 Qxe2+ 10. Nxe2 Nc6 11. Nf3 Bg4 12. Be3 O-O-O 13. Ned4 Bb4+ 14.
c3 Bxf3 15. gxf3 Nxd4 16. Bxd4 Rhe8+ 17. Kf1 Bd6 18. Bxf6 gxf6 19. Rd1 Be5 20.
Rxd5 Rxd5 21. Bxd5 Rd8 22. c4 Bxb2 23. Rg1 h6 24. Rg4 b5 25. Bxf7 Rd4 26. Rg8+
Kc7 27. cxb5 axb5 28. Rg6 Rh4 29. Kg2 Be5 30. h3 Kd6 31. f4 Rxf4 32. Rxh6 Bd4
33. f3 Be5 34. h4 Rd4 35. Kh3 Rd3 36. Kg4 Rd4+ 37. Kh3 Rd3 38. Kg4 Rd4+ 1/2-1/2

[Event "Tata Steel Chess 2016 GM-B"]
[Site "Wijk aan Zee NED"]
[Date "2016.01.31"]
[Round "13.1"]
[White "Nisipeanu, Liviu-Dieter"]
[Black "Van Foreest, Jorden"]
[Result "1/2-1/2"]
[WhiteElo "2679"]
[BlackElo "2541"]
[PlyCount "61"]
[EventDate "2016.01.16"]
[EventType "tourn"]
[EventRounds "13"]
[EventCountry "NED"]
[EventCategory "13"]
[Source "lmi"]
[SourceDate "2016.01.16"]

1. d4 d5 2. Nf3 Nf6 3. Bf4 c5 4. e3 Nc6 5. Bb5 e6 6. c3 Bd6 7. Ne5 Qc7 8. Qa4
Bd7 9. Bxc6 bxc6 10. O-O O-O 11. Nd2 Be8 12. Nd3 cxd4 13. Bxd6 Qxd6 14. cxd4 c5
15. Qa3 Bb5 16. Rfc1 Bxd3 17. Qxd3 cxd4 18. Qxd4 a5 19. Rc2 h6 20. Rac1 Rfb8
21. Nc4 Qb4 22. a3 Qa4 23. Ne5 Qxd4 24. exd4 Ne8 25. g4 Nd6 26. Rc6 Nb5 27. Nf3
a4 28. R1c2 Rb7 29. h4 g6 30. Kg2 Kf8 31. Rc8+ 1/2-1/2

[Event "Tata Steel Chess 2016 GM-B"]
[Site "Wijk aan Zee NED"]
[Date "2016.01.31"]
[Round "13.2"]
[White "Batsiashvili, Nino"]
[Black "Safarli, Eltaj"]
[Result "0-1"]
[WhiteElo "2485"]
[BlackElo "2653"]
[PlyCount "72"]
[EventDate "2016.01.16"]
[EventType "tourn"]
[EventRounds "13"]
[EventCountry "NED"]
[EventCategory "13"]
[Source "lmi"]
[SourceDate "2016.01.16"]

1. d4 e6 2. e4 d5 3. exd5 exd5 4. Bd3 c5 5. Qe2+ Be7 6. Bb5+ Nc6 7. Bg5 Be6 8.
Bxe7 Ngxe7 9. Nf3 O-O 10. dxc5 Bg4 11. Nbd2 Nd4 12. Qd3 Nxf3+ 13. gxf3 Bf5 14.
Qc3 d4 15. Qb3 Rc8 16. O-O-O Rxc5 17. Ne4 Bxe4 18. fxe4 Ng6 19. Rd2 Qg5 20. h4
Qf4 21. Rhd1 Nxh4 22. Kb1 Nf3 23. Re2 h5 24. a4 h4 25. Bd7 Rd8 26. Bh3 b6 27.
Bg2 Ne5 28. Qh3 g6 29. Red2 Kg7 30. Re2 Rc4 31. Qb3 Rd6 32. Red2 a5 33. c3 dxc3
34. Rxd6 c2+ 35. Qxc2 Rxc2 36. Kxc2 Nc4 0-1

[Event "Tata Steel Chess 2016 GM-B"]
[Site "Wijk aan Zee NED"]
[Date "2016.01.31"]
[Round "13.4"]
[White "Abasov, Nijat"]
[Black "L'Ami, Erwin"]
[Result "1/2-1/2"]
[WhiteElo "2556"]
[BlackElo "2627"]
[PlyCount "47"]
[EventDate "2016.01.16"]
[EventType "tourn"]
[EventRounds "13"]
[EventCountry "NED"]
[EventCategory "13"]
[Source "lmi"]
[SourceDate "2016.01.16"]

1. Nf3 Nf6 2. d4 e6 3. c4 Bb4+ 4. Bd2 a5 5. g3 O-O 6. Bg2 d5 7. Qc2 c6 8. O-O
Be7 9. Rd1 b5 10. cxb5 cxb5 11. Bf4 Bb7 12. Nc3 Qb6 13. Rac1 Nc6 14. Qb3 b4 15.
Na4 Qa7 16. Rc2 Rfc8 17. Rdc1 Nd7 18. Be3 Bf8 19. Ne5 Ncxe5 20. dxe5 Qa6 21.
Bd4 Rxc2 22. Rxc2 Rc8 23. Rxc8 Bxc8 24. Qc2 1/2-1/2

[Event "Tata Steel Chess 2016 GM-B"]
[Site "Wijk aan Zee NED"]
[Date "2016.01.31"]
[Round "13.5"]
[White "Admiraal, Miguoel"]
[Black "Dreev, Aleksey"]
[Result "1/2-1/2"]
[WhiteElo "2441"]
[BlackElo "2644"]
[PlyCount "90"]
[EventDate "2016.01.16"]
[EventType "tourn"]
[EventRounds "13"]
[EventCountry "NED"]
[EventCategory "13"]
[Source "lmi"]
[SourceDate "2016.01.16"]

1. e4 c6 2. c4 d5 3. exd5 cxd5 4. cxd5 Nf6 5. Nc3 Nxd5 6. Nf3 Nxc3 7. bxc3 Qc7
8. d4 Nd7 9. Bd2 e6 10. a4 Bd6 11. a5 O-O 12. Bd3 Rd8 13. O-O Nf8 14. Re1 Bd7
15. h4 Bf4 16. Ne5 Bxd2 17. Qxd2 Rac8 18. Re3 Be8 19. Qb2 f6 20. Nf3 Bc6 21.
Nd2 Rd5 22. Qb4 Rh5 23. g3 g5 24. Ne4 Bxe4 25. Bxe4 gxh4 26. Qxb7 Rg5 27. Qxc7
Rxc7 28. a6 hxg3 29. fxg3 f5 30. Bg2 Rcg7 31. c4 f4 32. Rb3 Rxg3 33. Rxg3 Rxg3
34. Kf2 Rc3 35. c5 e5 36. c6 Rc2+ 37. Kg1 exd4 38. Rd1 Rc3 39. Bd5+ Kg7 40.
Rxd4 Kf6 41. Rxf4+ Ke5 42. Rxf8 Kxd5 43. Rf7 Kxc6 44. Rxa7 Kb6 45. Rxh7 Kxa6
1/2-1/2

[Event "Tata Steel Chess 2016 GM-B"]
[Site "Wijk aan Zee NED"]
[Date "2016.01.31"]
[Round "13.7"]
[White "Ju, Wenjun"]
[Black "Haast, Anne"]
[Result "1-0"]
[WhiteElo "2548"]
[BlackElo "2391"]
[PlyCount "69"]
[EventDate "2016.01.16"]
[EventType "tourn"]
[EventRounds "13"]
[EventCountry "NED"]
[EventCategory "13"]
[Source "lmi"]
[SourceDate "2016.01.16"]

1. c4 e5 2. Nc3 Nf6 3. g3 d5 4. cxd5 Nxd5 5. Bg2 Nb6 6. e3 Nc6 7. Nge2 Bd6 8.
O-O O-O 9. f4 exf4 10. Nxf4 Bf5 11. d4 Qd7 12. Rf2 Rad8 13. Qf1 h6 14. e4 Bh7
15. Be3 Rfe8 16. Bh3 Qe7 17. e5 Bb4 18. Rd1 Na5 19. e6 f5 20. Bc1 Rf8 21. Re2
g5 22. Nd3 Rxd4 23. Nxb4 Rxd1 24. Qxd1 Qxb4 25. e7 Re8 26. Re6 Nac4 27. Qh5
Rxe7 28. Qxh6 Qc5+ 29. Kh1 Nd5 30. Bxg5 Nxc3 31. Rxe7 Qd5+ 32. Kg1 Qc5+ 33. Kf1
Nd2+ 34. Bxd2 Qxe7 35. Bxc3 1-0